000 00319nam a2200133 a 4500
001 4140
005 20140414131917.0
008 090218s19uu xx 00 eng d
050 _aER
_bIw1 1986
100 _aMaris, Ron
245 _aI wish I could fly.
260 _aNew York :
_bScholastic ,
_c1986.
999 _c111524
_d111524